000 00476nam a22001697a 4500
005 20240108101501.0
008 220209b ||||| |||| 00| 0 eng d
020 _a978-93-87686-82-3
041 _aeng
082 _a615.19
100 _aBAKLIWAL, SUNIL .R , RANE Dr. BHUSHAN R AND JAIN Dr. ASHISH
_98269
245 _aA TEXTBOOK OF PHARMACEUTICAL ENGINEERING [SEM-II]
260 _aPUNE
_bNIRALI PRAKASHAN
300 _a12.4;p
650 _aPHARMACY
_xB.PHARMA
942 _cBK
999 _c7880
_d7878